| 000 | 00914nam a2200217 a 4500 | ||
|---|---|---|---|
| 001 | 52363 | ||
| 003 | BD-RjUL | ||
| 005 | 20211209075807.0 | ||
| 008 | 160919s1976 ii ||||| |||| 00| 0 ben d | ||
| 035 | _a(BD-RjUL)52483 | ||
| 040 |
_aBD-RjUL _bben _cBD-RjUL _dBD-RjUL |
||
| 041 | _aben | ||
| 082 |
_223 _a780.954 _bMUB 1976 |
||
| 100 |
_aমুখোপাধ্যায়, দিলিপকুমার _9156674 |
||
| 245 | 1 | 0 |
_aবাঙ্গালীর রাগ-সঙ্গীত চর্চা / _cদিলিপকুমার মুখোপাধ্যায় |
| 260 |
_aকলিকাতা : _bফার্মা কে এল এম প্রাইভেট লিমিটেড, _c১৯৭৬ |
||
| 300 |
_a(১৪), ৪৯০ পৃ. : _bচিত্র ; _c২১ সেমি |
||
| 650 |
_aসঙ্গীত _zভারত _9156675 |
||
| 650 |
_aMusic _zIndia _9156676 |
||
| 942 |
_2ddc _cBK _01 |
||
| 999 |
_c52363 _d52363 |
||